1002 1662 1636 1291 1159 1032 1117 1143 1427 1902 1954 1429 1342 1681 1269 1873 1402 1903 1189 1289 1602 1435 1115 1682 1428 1200 1534 1216 1395 1542 1717 1935 1951 1156 1031 1489 1768 1352 1503 1424 1618 1311 1254 1027 1425 1313 1985 1260 1084 1074 1862 1749 1487 1512 1134 1920 1561 1905 1759 1464 1501 1326 1024 1421 1002 1225 1058 1494 1074 1535 1942 1962 1686 1318 1798 1630 1559 1785 1542 1694 1701 1409 1894 1305 1909 1176 1295 1354 1003 1427 1454 1100 1012 1598 1091 1098 1211 1552 1411 BCNSPRNW ULIB Ver.6.0+V

เปลี่ยนเป็นภาษาไทย

Change to English
 แสดงรายละเอียดบรรณานุกรม
  กลับหน้าหลัก

Brief Record : Get Marc (ISO 2709) : E-mail record : QR code < ปิดหน้าต่าง
LEADER : 00000nam 2200000uu 4500
001    13399124515
003     ULIB
008    150818s2553 th a 000 0 tha d
020    9789747074161
020    9747074168
090    นว.^bป553ด
100    กิ่งฉัตร
245    ด้วยแรงอธิษฐาน/^cกิ่งฉัตร
250    พิมพ์ครั้งที่ 11
260    กรุงเทพฯ :^bอรุณ,^c2553
300    726 หน้า;^b18.5 ซม.
500    นวนิยายลำดับที่ 29
710    อรุณ
945    ^p385^l0^i23107
999    ^aทศพร เกษรทอง
รายการนี้ยังไม่มีแท็ก
คุณยังไม่ได้ล็อกอิน คุณสามารถมีกิจกรรมร่วมกับเว็บไซต์ได้ แต่ต้องล็อกอินก่อน ::
  ล็อกอิน

รายการสื่อสารสนเทศ

ลำดับที่ ประเภท เลขเรียก/บาร์โค้ด สถานที่ สถานะ
1. นวนิยาย
นวนิยาย
นว. ป553ด ฉ.1 
  Barcode: 23107
ห้องสมุดวิทยาเขตนครสวรรค์
►นวนิยาย:l:Fiction
บนชั้น

รายการใกล้เคียง
    ผู้แต่ง [กิ่งฉัตร]

BibComment


ยังไม่เคยถูกคอมเมนท์

คอมเมนท์ทรัพยากรรายการนี้
  คอมเมนท์: ด้วยแรงอธิษฐาน กิ..


 Copyright 2026. Bcnsprnw @Library